| 000 | 00676nam a2200217 a 4500 | ||
|---|---|---|---|
| 001 | 000021349 | ||
| 005 | 20200930011315.0 | ||
| 008 | 100906s1970 sp r 000 p spa d | ||
| 040 |
_aDO-SdBNP _bspa _cBNPHU |
||
| 082 |
_a861.64 _bG958a |
||
| 100 | 1 |
_aGuillén, Jorge _d1893-1984 _911982 |
|
| 245 | 1 | 0 |
_aAntología / _cJorge Guillén; selección y prólogo de José Manuel Blecua. |
| 260 |
_aSalamanca : _bANAYA, _c1970. |
||
| 300 |
_a150 p ; _c17 cm. |
||
| 490 |
_aBiblioteca ANAYA _v34 |
||
| 650 | 4 |
_aPoesía española _9631 |
|
| 650 | 4 |
_aLiteratura española _9632 |
|
| 700 | 1 |
_aBlecua, José Manuel _915074 |
|
| 830 | 0 |
_aBiblioteca ANAYA _n34 _944586 |
|
| 049 | _aEn proceso | ||
| 999 |
_c20849 _d20849 |
||